000 00810nam a2200217 i 4500
001 24307
003 ES-MaACL
005 20250814065420.0
007 t|
008 021217s1807 sp ||||1| spa d
100 1 _aAntillón, Isidoro de.
_921903
245 1 0 _aPrincipios de geografía física y civil /
_cpor Isidoro de Antillón.
260 _aMadrid :
_b[s.n.],
_c1807 (
_fImp. Real)
300 _a[16], 135 p., [1] p., [2] h. de lám., ;
_c16 cm.
530 _aDisponible también en sitio web.
650 0 7 _aGeografía física
_2embne
_913078
852 _aES-MaACL
_925212
_jZ-296
_xOlim: D-452
_cDEPOZ
856 _uhttp://bibliotecadigitalhispanica.bne.es:80/webclient/DeliveryManager?pid=3178313&custom_att_2=simple_viewer
_zIr a la página
942 _2udc
999 _c24307
_d24307